States with the Most State Parks - Statistics

General Stats
  • This quiz has been taken 11 times
  • The average score is 8 of 10
Answer Stats
# of State Parks State % Correct
270 California
100%
191 Florida
100%
212 Washington
100%
119 Alaska
88%
195 Oregon
88%
109 Connecticut
63%
215 New York
63%
121 Pennsylvania
63%
142 Illinois
50%
154 Massachusetts
50%
No matching quizzes found
Score Distribution
Percent of People with Each Score
Percentile by Number Answered
Your Score History
You have not taken this quiz